| 000 | 00450nam a2200193Ia 4500 | ||
|---|---|---|---|
| 005 | 20250603144705.0 | ||
| 008 | 250603s9999 xx 000 0 und d | ||
| 020 | _a9780357424377 | ||
| 050 | _aTK 5105. C53/ | ||
| 100 | _aCiampa Mark | ||
| 245 | 0 | _aComptia security guide to network security fundamentals | |
| 250 | _a7th edi. | ||
| 260 | _aUSA | ||
| 260 | _bCengage | ||
| 260 | _c2022 | ||
| 300 | _a696 p | ||
| 650 | _aUSA | ||
| 942 | _cBK | ||
| 999 |
_c39664 _d39664 |
||